00494nam a2200193 a 4500001001300000003000900013005001700022008004100039020001000080082001600090100001700106245005200123260003400175300000900209500003500218505001000253650002000263700001700283nice12345678IN_TiNIC20260116011952.0050524s1924 mada grp 000 0 urd  ac10000a297.2bHAS3 aHasan, Yaqub aKashshaf-Ul-Huda Yani Muqaddama-E-Kitab Al Huda aMadrasbDaftar-E-Ishaatc1924 a206p aincludes index and biblioraphy2 aIndex aIslam-Doctrines1 aHasan, Yaqub